| 000 | 00930nam a2200277 i 4500 | ||
|---|---|---|---|
| 003 | DO-SdBNP | ||
| 005 | 20250404143639.0 | ||
| 007 | ta | ||
| 008 | 250404b2024 dr a|||| |||| 00| 0 spa d | ||
| 020 | _a9789945941944 | ||
| 040 |
_aDO-SdBNP _bspa _cBNPHU _erda |
||
| 041 | _aspa | ||
| 082 | 4 |
_axxx _bR577d 2024 _222 |
|
| 100 | 1 |
_aRímoli, Renato O _d1950- _eautor _4aut. _936749 |
|
| 245 | 1 | 0 |
_aDiccionario de términos ambientales / _cRenato O. Rímoli. |
| 250 | _aSegunda edición | ||
| 264 |
_aSanto Domingo : _bInstituto Panamericano de Geografía e Historia, _c2024. |
||
| 300 |
_a400 páginas : _bilustraciones ; _c23 cm |
||
| 336 |
_atexto _btxt _2rdacontent |
||
| 337 |
_asin mediación _bn _2rdamedia |
||
| 338 |
_avolumen _bnc _2rdacarrier |
||
| 500 | _aIncluye datos biográficos del autor en la solapa de la cubierta | ||
| 504 | _aBibliografía: p. 395-397 | ||
| 590 | _aInventariado, 2025 /LP | ||
| 942 |
_2ddc _cLBS1 |
||
| 999 |
_c58622 _d58622 |
||